000 00625cab a2200217 4500
001 WB2624-35
008 090401t1990 xxu||||| |||| 00| 0 eng d
035 _a(Sirsi) u20152
041 _aeng
245 _aPrudential to cut more estate agencies
260 _c1990
350 _a0
490 _aDaily Telegraph
_v18/6/90 p24
520 _aThe Prudential plans to close further estate agency branches. Staff redundancies are expected.
650 _aACQUISITIONS
650 _aINSTITUTIONS
650 _aSLUMP
690 _aMANAGEMENT-BUSINESS MANAGEMENT-PROFESSIONAL PRACTICE
942 _n0
948 _c04/03/1997
999 _c13503
_d13503